[Event "Mechanics' Spring TNM; G/2"]
[Site "San Francisco"]
[Date "2017.04.25"]
[Round "7.3"]
[White "Bayaraa, Chinguun"]
[Black "Winslow, Elliott C"]
[Result "0-1"]
[WhiteElo "2134"]
[BlackElo "2310"]
[Annotator "Winslow,E"]
[PlyCount "84"]
[EventDate "2017.??.??"]

1. d4 Nf6 2. c4 g6 3. Nc3 Bg7 4. e4 d6 5. f3 O-O 6. Be3 e5 7. d5 (7. Nge2 c6 (
7... Nbd7) 8. Qd2 Nbd7 (8... a6) (8... exd4) (8... Re8) (8... Na6) 9. d5 $5 (9.
O-O-O {Knaak}) (9. Rd1 {
0-1 (27) Karpov,A (2725)-Kasparov,G (2805) Linares 1993 CBM 034 [Anand,V]}))
7... c6 (7... Nh5) 8. Bd3 (8. Qd2) (8. Nge2) (8. dxc6 $5) 8... cxd5 (8... b5 $6
) 9. cxd5 Nbd7 $6 (9... Nh5 10. Nge2 f5 {is the more flexible move order. I
thought I'd seen some place where Black had the choice of ...Nf4 or ...f5,
which was probably me thinking of my game with Chinguun from the Capps last
October. Where I also played 9...Nbd7.} 11. O-O (11. exf5 gxf5 12. O-O Nd7 (
12... a6) (12... Kh8 13. f4) 13. -- (13. Kh1) (13. Qd2 {
0-1 (36) Knaak,R (2495)-Uhlmann,W (2475) DDR 1981}) (13. Rc1 Nc5 14. Bb1 (14.
Bc4 $143 {This is the wrong /^.} a6 15. b4 (15. Bxc5 {
gives up the valuable B for material gains.} dxc5 16. d6+ Kh8 17. Qd5 Ra7 18.
Qxc5 {White has won a P, but the black pieces suddenly become very active!} (
18. f4 {Knaak}) 18... b6 19. Qa3 (19. Qd5 Rd7 20. Rcd1 b5 21. Bb3 Qb6+ 22. Kh1
Rfd8 $17) 19... Bh6 $1 $17 {Knaak} (19... Rf6 {The proud o^ will soon fall.}
20. Rcd1 b5 21. Qc5 Rd7 22. Bb3 Rfxd6 $15 {
Mecking-Egger, Sao Paulo zt 1993 CBM 36})) 15... Nd7 16. a4 Qh4 $1) (14. Bc2 $5
{controlling b3 and a4 White can prepare b2-b4 quickly.} a5 15. a3 Bd7 16. b4
axb4 17. axb4 Na6 18. Rb1 b5 (18... Qh4 19. Bf2 Qg5 20. Kh1 {
1-0 (94) Boensch,U (2545)-Hjartarson,J (2547) Radebeul GER 2016}) 19. Bd3 Rb8
20. Qb3 Rb7 21. Ra1 $14 {Gastgofer-Pugachev, Podolsk chT 1993}) 14... a5 {
otherwise b4 will come.} 15. f4 (15. a3 Bd7 16. b4 axb4 17. axb4 Na6 {
is not so effective as in case of 14.Bc2, because White cannot play Rb1!} 18.
Na4 Nxb4 19. Nb6 Ra3 20. Nxd7 Qxd7 21. Qd2 Kh8 $13 {
D.Gurevich-Milov, Minneapolis 2005}) 15... e4 $1 {At first sight this move
gives up the tension in the centre and the d4 square will be weak forever. On
the other hand White's B on b1 is rather passive, and if Black can play b7-b6
and Ba6 the d3 square will be a vulnerable weakness for White. It is not easy
to prepare the standard breakthrough g2-g4 as well.} (15... Qe8 $6) (15... Qe7
$6) (15... b6 $6) 16. Nd4 (16. g4) (16. Bd4) (16. Kh1) (16. Qd2) 16... Nf6 17.
h3 Kh8 (17... Bd7 {In this position the light-squared B belongs to e2, but it
is far from easy to manouvre there because of >< d3. Knaak:} 18. g4 $1 {
according to old analysis.} (18. Ndb5 Qe7 19. b3 {against a5-a4} (19. a3 {
was the last chance to activate the bad B, but this can only be done by taking
on c5 and d5-d6.} a4 20. Bxc5 dxc5 21. d6 Qd8 22. Ba2+ Kh8 23. Nc7 Ra5 $13)
19... Rac8 {
0-1 (39) Lautier,J (2672)-Degraeve,J (2546) Chartres 2005 CBM 109 [Hazai]} (
19... Kh8 $13 {looks more flexible.})) 18... fxg4 19. f5 gxh3 20. Ne6 Qe7 21.
Kh1 {This must be much better for White.}) 18. a3 {(/\ b4)} a4)) (11. Qd2 Nd7 (
11... Na6 $5 12. exf5 gxf5 13. O-O Bd7 14. Rac1 Qe8 (14... Qe7 15. Kh1 Kh8 16.
Bb5 f4 17. Bg1 e4 18. Bd4 e3 19. Bxg7+ Qxg7 20. Qd4 Bf5 21. Qxg7+ Kxg7 22. Bxa6
bxa6 23. Rfd1 Kf6 24. g4 fxg3 25. hxg3 Bd7 26. Kg2 Bb5 27. Nxb5 axb5 28. g4 Ng7
29. Rc6 Rac8 30. Rxd6+ Ke5 31. Rd7 Rc2 32. Re1 Ne8 33. Rd8 Rd2 34. Kg3 b4 35.
Ng1 Rxb2 36. Rxe3+ Kd4 37. Re2 Rb1 38. Kf2 a5 39. d6 Kd5 {
1-0 (39) Kaspi,A (2434) -Tratatovici,D (2213) Jerusalem ISR 2016}) 15. a3 Nc5
16. Bc2 a5 17. b4 axb4 18. axb4 Na6 19. Rb1 Rc8 20. Rb3 Kh8 21. Kh1 Nc7 22. Ra3
Nb5 23. Nxb5 Bxb5 24. Bd3 Bxd3 25. Qxd3 Qg6 26. f4 Rg8 27. fxe5 Bxe5 28. g3 Qg4
29. Bd4 f4 30. Qe4 Rce8 31. Nxf4 Nxf4 32. gxf4 Bg7 33. Bxg7+ Qxg7 34. Qf3 Rc8
35. Qf2 Rc4 36. Rg3 Qd4 37. Rxg8+ Kxg8 38. Qg2+ Kf7 39. Re1 Qxf4 40. Qe2 Rc1
41. Qe8+ Kg7 42. Qe7+ Kh6 43. Qe6+ Kh5 44. Qe8+ Kh6 {
1/2-1/2 (44) Batchuluun,T (2499)-Kotronias,V (2565) Moscow RUS 2015}) 12. O-O-O
(12. exf5 gxf5 13. O-O (13. Ng3) (13. O-O-O))) 11... Na6 12. a3 Nc5 13. Bc2 a6
$2 14. b4 Nd7 15. a4 {....1-0 Bayaraa,C (2134)-Jensen,C (1853) Round 5}) 10.
Nge2 Nh5 (10... Nc5 11. O-O $6 Nxd3 12. Qxd3 Ne8 13. Rac1 f5 14. Qd2 f4 15. Bf2
g5 16. h3 h5 17. Qd3 g4 18. hxg4 hxg4 19. fxg4 Bxg4 20. Be1 Qg5 21. Rc2 a6 22.
Nb1 Bh6 23. Nd2 Rf7 24. Nf3 Qh5 25. Nh2 Nf6 26. Kh1 Rh7 27. Ng1 Bd1 28. Rcf2
Ng4 29. Nh3 Nxf2+ 30. Rxf2 Bg5 31. Nf3 Bxf3 32. Rxf3 Rc8 33. Bc3 Bh4 34. Kg1
Bg3 35. Qd2 Qg6 36. Kf1 Qxe4 37. Qd3 Qxd3+ 38. Rxd3 Rc4 39. Ke2 e4 40. Rxg3+
fxg3 41. Ke3 b5 42. a3 Rxc3+ 43. bxc3 Rxh3 44. gxh3 Kg7 {
0-1 (44) Montel,C (1848)-Huguet,S (2055) Tromso NOR 2014}) 11. O-O f5 12. exf5
gxf5 {See above, 9...Nh5, note (a)} 13. Qd2 {(a2 above)} (13. Rc1 Nc5 (13... a6
)) (13. Ng3) (13. Kh1) (13. b4) (13. Bc2) (13. Qc2) 13... Nc5 14. Bc2 (14. Bc4
Bd7 15. b4 Na4 16. Nxa4 Bxa4 {
1/2-1/2 (16) Khenkin,I (2617)-Popovic,D (2568) Bol CRO 2013}) 14... a5 15. a3
a4 (15... Bd7 16. b4 Na6 (16... axb4 17. axb4 Na6 18. Rab1 {is the "main line"}
)) 16. Bxc5 $5 {My thought during and after the game was that taking the pawn
was counter-initiative, that most strong players would prefer pushing than
grabbing. Of course Stockfish 8 disagrees.} (16. Kh1 Qe8 17. Rae1 b6 18. Nc1
Ra7 19. Nd3 Kh8 20. Nb4 Bd7 21. Qd1 Nf6 22. Bd3 Qh5 23. Bb5 Bh6 24. Bxd7 Rxd7
25. Nxa4 Rg7 26. Nxb6 Rfg8 27. Rf2 Bxe3 28. Rxe3 Nce4 29. Rc2 Rxg2 30. Rxg2
Rxg2 31. Kxg2 Qg5+ 32. Kf1 Qxe3 33. fxe4 Nxe4 34. Qe2 Qxb6 35. Kg2 Qd4 36. Qc2
Kg7 37. Qe2 Nf6 38. Qf2 Qd1 39. Qxf5 Ng4 40. Qd3 Qxd3 41. Nxd3 Ne3+ 42. Kf3
Nxd5 43. Ke4 Nb6 44. Kf5 Kf7 45. b3 Nd5 46. Nxe5+ dxe5 47. Kxe5 Nc7 48. b4 Ke7
49. a4 Ne6 50. Kd5 Kd7 51. b5 Nf4+ 52. Kc5 Ne6+ 53. Kb6 Kc8 54. a5 Nd4 55. a6
Kb8 56. Kc5 Nxb5 57. Kxb5 Ka7 58. h4 h5 59. Ka5 Kb8 60. Kb6 Ka8 61. Kc6 Ka7 62.
Kd6 Kxa6 63. Ke6 Kb6 64. Kf7 Kc6 65. Kg6 Kd6 66. Kxh5 Ke7 {
1/2-1/2 (66) Schneider,A (2440)-Teuchert,B Delmenhorst 1986}) (16. f4 Bd7 17.
Rae1 e4 18. Bd4 Rf7 19. Kh1 Qa5 20. Rd1 Bxd4 21. Nxd4 Rf6 22. Rde1 Rg6 23. Bd1
Ng7 24. Be2 Ne8 25. g4 Ng7 26. g5 Kf7 27. h4 h5 28. Bc4 Ne8 29. Qd1 Rb8 30. Nc2
Ng7 31. Be2 Qb6 32. Qc1 Nb3 33. Qe3 Qxe3 34. Nxe3 b5 35. Nc2 Rc8 36. Rd1 Rc5
37. Kg1 Na5 38. Ne3 Ne8 39. Bxh5 Nc7 40. Kf2 Be8 41. Nxf5 {
1-0 (41) Bratchenko,A (2382) -Fofanov,I (2185) St Petersburg 2002}) 16... dxc5
17. Nxa4 Qd6 18. Nac3 c4 19. Qg5 Nf4 20. Nxf4 exf4 21. Kh1 Kh8 22. Qh4 Bd7 23.
Rad1 Be5 24. Qf2 b5 25. Qd2 Rf6 26. Ne2 Rg8 27. Rg1 Rh6 28. Rgf1 Qf6 29. h3
Bxb2 30. Nxf4 Bxa3 31. Rfe1 Bd6 32. Ne6 b4 33. Qd4 b3 34. Bxf5 c3 35. Rd3 Rc8
36. Qe3 b2 37. Rdd1 c2 38. Bxc2 Rxc2 39. Qd3 Qg6 40. Qd4+ Kg8 41. Rd2 Qg3 42.
Qg4+ Qxg4 0-1

[Event "Mechanics' Summer TNM; G/2 d5"]
[Site "San Francisco"]
[Date "2017.07.18"]
[Round "8.41"]
[White "Bayaraa, Timothy"]
[Black "Badgett Jr, James"]
[Result "1-0"]
[WhiteElo "687"]
[BlackElo "940"]
[Annotator "Donaldson"]
[PlyCount "19"]
[EventDate "2017.??.??"]

1. e4 e5 2. Bc4 Nf6 3. Nc3 Bc5 4. Nf3 d6 5. d4 exd4 6. Nxd4 Bd7 7. Bg5 O-O 8.
Nf5 $6 (8. Nd5) 8... Qe8 9. Bxf6 (9. Nh6+ Kh8 10. Bxf6 gxf6 11. Qf3 $16) 9...
gxf6 $2 (9... Bxf5 $11) 10. Qg4+ 1-0

[Event "Mechanics' Winter TNM; G/2"]
[Site "San Francisco"]
[Date "2017.02.07"]
[Round "6.47"]
[White "Bayaraa, Timothy"]
[Black "Bayaraa, Bilguun"]
[Result "0-1"]
[WhiteElo "591"]
[BlackElo "1208"]
[Annotator "Donaldson"]
[PlyCount "64"]
[EventDate "2017.??.??"]

1. e4 c5 2. Nf3 d6 3. d4 cxd4 4. Nxd4 Nf6 5. Nc3 a6 (5... e5 6. Nf5 (6. Bb5+
Bd7 7. Bxd7+ Nbxd7 8. Nf5 Nc5 9. Bg5 h6 10. Bxf6 Qxf6 11. Nd5 (11. Ne3 Be7 12.
Ned5)) 6... Bxf5 7. exf5 d5) 6. Be3 e5 7. Nf5 (7. Nf3) (7. Nb3) 7... Bxf5 (7...
d5 $1 8. Nxd5 Nxd5 9. Qxd5 Qxd5 10. exd5 Bxf5) 8. exf5 Qd7 9. Bd3 (9. g4 Be7
10. g5 Ng8 11. Nd5) 9... Nc6 10. O-O Be7 (10... d5) 11. f4 Nb4 12. fxe5 dxe5
13. Qf3 Nxd3 14. cxd3 Qxd3 (14... O-O) 15. Rad1 Qc4 16. Qxb7 Qc8 17. Qf3 O-O
18. Qg3 Qb8 19. Bh6 Qb6+ {Diagram [#]} 20. Kh1 $2 (20. Be3) 20... Nh5 $1 21.
Qg4 (21. Qxe5 Qxh6 22. Qxe7 Ng3+ 23. Kg1 Nxf1 24. Rxf1 Qb6+ $19) 21... Qxh6 22.
Nd5 Bd6 23. f6 g6 24. Ne7+ Bxe7 25. fxe7 Rfe8 26. Qe4 $2 (26. Qf3 Rac8 (26...
Qg7 $2 27. Qxa8 $1 Rxa8 28. Rd8+) 27. Qxf7+ Kh8) 26... Ng3+ 27. Kg1 Nxe4 28.
Rfe1 Qf4 29. g3 Qf2+ 30. Kh1 Rxe7 31. Rxe4 Qf3+ 32. Kg1 Qxd1+ 0-1

[Event "Mechanics' Winter TNM; G/2"]
[Site "San Francisco"]
[Date "2017.02.14"]
[Round "7.45"]
[White "Bayaraa, Timothy"]
[Black "Boldi, Nicholas"]
[Result "0-1"]
[WhiteElo "591"]
[BlackElo "1202"]
[PlyCount "124"]
[EventDate "2017.??.??"]

1. e4 e6 2. Nc3 d5 3. exd5 exd5 4. Nf3 Nf6 5. d4 Nc6 6. Bb5 Bd7 7. Ne5 Bd6 8.
Nxd7 Qxd7 9. O-O O-O 10. Re1 a6 11. Bd3 Nxd4 12. Bxh7+ Nxh7 13. Qxd4 c6 14. b4
Be7 15. Bb2 Bf6 16. Qf4 Rae8 17. Rxe8 Rxe8 18. Rf1 Qc8 19. h3 Qb8 20. Qxb8 Rxb8
21. Rb1 Re8 22. b5 axb5 23. a4 bxa4 24. Nxa4 Bxb2 25. Rxb2 b5 26. Nc5 Rc8 27.
Ra2 Nf6 28. Kh2 Kh7 29. Kg3 Rb8 30. Ra7 Kg6 31. h4 Ne4+ 32. Nxe4 dxe4 33. Kf4
Re8 34. g4 Kf6 35. g5+ Kg6 36. Rc7 Re6 37. Kg4 f5+ 38. gxf6 Rxf6 39. h5+ Kh6
40. Rd7 Rxf2 41. Rd6+ Kh7 42. Rxc6 e3 43. Re6 e2 44. Kg3 Rf5 45. Rxe2 Rxh5 46.
Kf3 Rf5+ 47. Ke3 Re5+ 48. Kd2 Rxe2+ 49. Kxe2 g5 50. Kf2 Kg6 51. Kf3 b4 52. Kg3
Kf5 53. Kf3 g4+ 54. Kg3 Kg5 55. Kf2 Kf4 56. Kg2 g3 57. Kg1 Kf3 58. Kf1 g2+ 59.
Kg1 Kg3 60. c4 b3 61. c5 b2 62. c6 b1=Q# 0-1

[Event "Mechanics' Summer TNM; G/2 d5"]
[Site "San Francisco"]
[Date "2017.06.27"]
[Round "6.48"]
[White "Bayaraa, Timothy"]
[Black "Carter, Evan"]
[Result "0-1"]
[WhiteElo "687"]
[BlackElo "1378"]
[PlyCount "44"]
[EventDate "2017.??.??"]

1. e4 e5 2. Nf3 Nc6 3. Nc3 d6 4. b3 Nf6 5. d4 exd4 6. Nxd4 Ne5 7. Bb5+ Bd7 8.
Bxd7+ Qxd7 9. Bf4 O-O-O 10. a4 h6 11. b4 g5 12. Bxe5 dxe5 13. Ndb5 a6 14. Na3
Bxb4 15. Qf3 Qd2+ 16. Kf1 Qxc3 17. Qxc3 Bxc3 18. Rb1 Nxe4 19. Ke2 Rd2+ 20. Ke3
f5 21. Rhd1 Bd4+ 22. Kf3 Rxf2# 0-1

[Event "Mechanics' Peter Grey TNM; G/2 d5"]
[Site "San Francisco"]
[Date "2017.10.03"]
[Round "9.35"]
[White "Bayaraa, Timothy"]
[Black "Erdenebileg, Erkhes"]
[Result "0-1"]
[WhiteElo "782"]
[BlackElo "1421"]
[PlyCount "60"]
[EventDate "2017.??.??"]

1. e4 e5 2. Nf3 Nc6 3. Nc3 Nf6 4. d4 exd4 5. Nxd4 Nxd4 6. Qxd4 d6 7. Bg5 Be7 8.
O-O-O O-O 9. e5 dxe5 10. Qxe5 Bd7 11. Be2 Bd6 12. Qd4 Bc6 13. Bf3 Bxf3 14. gxf3
Be7 15. Qh4 Qc8 16. Rhg1 Qf5 17. Bh6 g6 18. Bxf8 Rxf8 19. Rd4 Qxf3 20. Rf4 Qc6
21. Ne4 Nd5 22. Qh6 Nxf4 23. Qxf4 Rd8 24. Ng5 Bxg5 25. Qxg5 Qd5 26. b3 Qxg5+
27. Rxg5 Kg7 28. Kb2 Kf6 29. Rg3 Rd5 30. c4 Rd2+ 0-1

[Event "Mechanics' Fall TNM; G/2 d5"]
[Site "San Francisco"]
[Date "2017.11.21"]
[Round "5.39"]
[White "Bayaraa, Timothy"]
[Black "Garfield, Nicholas"]
[Result "0-1"]
[WhiteElo "945"]
[BlackElo "1207"]
[PlyCount "40"]
[EventDate "2017.??.??"]

1. e4 e6 2. d4 d5 3. Nc3 Nf6 4. Bg5 Be7 5. Bxf6 Bxf6 6. e5 Be7 7. Qg4 O-O 8.
Bd3 Nd7 9. h4 f5 10. Qh3 c5 11. Nge2 Qb6 12. Na4 Qb4+ 13. Nac3 cxd4 14. a3 Qa5
15. b4 Bxb4 16. axb4 Qxa1+ 17. Kd2 dxc3+ 18. Nxc3 Qa3 19. Nb5 Qxb4+ 20. Nc3 d4
0-1

[Event "Mechanics' Summer TNM; G/2 d5"]
[Site "San Francisco"]
[Date "2017.05.23"]
[Round "1.46"]
[White "Bayaraa, Timothy"]
[Black "Gurovich, Roman"]
[Result "0-1"]
[WhiteElo "687"]
[BlackElo "1679"]
[PlyCount "52"]
[EventDate "2017.??.??"]

1. e4 c5 2. d4 cxd4 3. Qxd4 Nc6 4. Qd1 a6 5. Nc3 e6 6. Nf3 b5 7. a3 Bb7 8. e5
Qc7 9. Bf4 Nge7 10. Ne4 Ng6 11. Nc5 Nxf4 12. Qd2 Bxc5 13. Qxf4 Qa5+ 14. c3 b4
15. Bd3 bxc3 16. O-O cxb2 17. Rad1 h6 18. Qg4 O-O-O 19. Qxg7 Rhg8 20. Qxf7 Nxe5
21. Qf4 Bxf3 22. g3 Bb7 23. Rb1 Nxd3 24. Qc4 Ne5 25. Qb3 Nf3+ 26. Kh1 Nd2+ 0-1

[Event "Mechanics' Peter Grey TNM; G/2 d5"]
[Site "San Francisco"]
[Date "2017.08.29"]
[Round "4.43"]
[White "Bayaraa, Timothy"]
[Black "Hwang, Matthew"]
[Result "0-1"]
[WhiteElo "782"]
[BlackElo "1639"]
[PlyCount "34"]
[EventDate "2017.??.??"]

1. e4 c5 2. Nf3 d6 3. d4 cxd4 4. Nxd4 Nf6 5. Nc3 a6 6. Bc4 e5 7. Bg5 exd4 8.
Qxd4 Nc6 9. Qd2 Be7 10. h4 h6 11. Bxf6 Bxf6 12. g4 Bxg4 13. Rg1 Ne5 14. f4 Nf3+
15. Kd1 Nxd2+ 16. Kxd2 Bxc3+ 17. bxc3 Qxh4 0-1

[Event "Mechanics' Fall TNM; G/2 d5"]
[Site "San Francisco"]
[Date "2017.12.05"]
[Round "7.48"]
[White "Bayaraa, Timothy"]
[Black "James, Charles"]
[Result "0-1"]
[WhiteElo "945"]
[BlackElo "1401"]
[PlyCount "74"]
[EventDate "2017.??.??"]

1. e4 c5 2. Nf3 d6 3. d4 cxd4 4. Qxd4 e5 5. Qd5 Nf6 6. Qb3 Nxe4 7. Be3 Be7 8.
Bd3 Nf6 9. Ng5 d5 10. c3 h6 11. Nh3 b6 12. f4 Ng4 13. Bf2 Nxf2 14. Nxf2 exf4
15. O-O O-O 16. Qc2 Bc5 17. b4 Be3 18. Nd2 Nc6 19. Nf3 Bg4 20. Be2 Qf6 21. Kh1
Be6 22. Nd4 Nxd4 23. cxd4 Qxd4 24. a3 Rac8 25. Qd3 Qe5 26. Ng4 Bxg4 27. Bxg4
Rc3 28. Qa6 f5 29. Bh5 Qe7 30. Rae1 Qc7 31. Qe2 Rxa3 32. Qb5 Qc4 33. Qxc4 dxc4
34. Rd1 Rc8 35. Rd5 Rf8 36. Bg6 c3 37. Rd7 c2 0-1

[Event "Mechanics' Fall TNM; G/2 d5"]
[Site "San Francisco"]
[Date "2017.11.07"]
[Round "3.40"]
[White "Bayaraa, Timothy"]
[Black "McEnroe, Glenn"]
[Result "0-1"]
[WhiteElo "945"]
[BlackElo "1500"]
[PlyCount "42"]
[EventDate "2017.??.??"]

1. e4 e6 2. Nf3 d5 3. e5 c5 4. d4 cxd4 5. Nxd4 Nc6 6. Bb5 Bd7 7. Nc3 Nxe5 8.
Bf4 Nc6 9. Qe2 Nxd4 10. Qd2 Nxb5 11. Nxb5 Bxb5 12. O-O-O Nf6 13. Qc3 Rc8 14.
Qb3 Bc6 15. Rhe1 Be7 16. Qg3 Nh5 17. Qg4 g6 18. Be5 Bf6 19. c4 Bxe5 20. Rxe5
Nf6 21. Kb1 Nxg4 0-1

[Event "Mechanics' Winter TNM; G/2"]
[Site "San Francisco"]
[Date "2017.01.24"]
[Round "4.36"]
[White "Bayaraa, Timothy"]
[Black "McEnroe, Glenn"]
[Result "0-1"]
[WhiteElo "591"]
[BlackElo "1528"]
[PlyCount "64"]
[EventDate "2017.??.??"]

1. e4 e6 2. Nc3 d5 3. exd5 exd5 4. d4 Nf6 5. Bg5 Be7 6. Nf3 Bg4 7. h3 Bh5 8. g4
Bg6 9. Bd3 O-O 10. Ne5 Bxd3 11. Qxd3 c6 12. h4 Nbd7 13. Bxf6 Bxf6 14. Nxd7 Qxd7
15. g5 Qe6+ 16. Ne2 Be7 17. O-O-O Bd6 18. Rde1 Rae8 19. h5 Qe4 20. Qh3 Qe6 21.
Qh4 Qe4 22. f4 Qe3+ 23. Kb1 Qd2 24. h6 g6 25. f5 Rxe2 26. Rxe2 Qxe2 27. fxg6
fxg6 28. Re1 Rf1 29. Rc1 Rxc1+ 30. Kxc1 Qe3+ 31. Kb1 Qg1+ 32. Qe1 Qxe1# 0-1

[Event "Mechanics' Peter Grey TNM; G/2 d5"]
[Site "San Francisco"]
[Date "2017.09.19"]
[Round "7.41"]
[White "Bayaraa, Timothy"]
[Black "Olson, David R"]
[Result "1/2-1/2"]
[WhiteElo "782"]
[BlackElo "1400"]
[PlyCount "95"]
[EventDate "2017.??.??"]

1. e4 e5 2. Nf3 Nc6 3. Nc3 d6 4. Bb5 a6 5. Bxc6+ bxc6 6. d4 exd4 7. Qxd4 Nf6 8.
Bg5 Be7 9. O-O-O c5 10. Qa4+ Bd7 11. Qc4 Be6 12. Nd5 O-O 13. Nxe7+ Qxe7 14. Qc3
Nxe4 15. Bxe7 Nxc3 16. bxc3 Rfe8 17. Bh4 Bxa2 18. Rhe1 Reb8 19. Kd2 Rb2 20. c4
Bxc4 21. Kc3 Rb4 22. Rb1 Be6 23. Rxb4 cxb4+ 24. Kxb4 a5+ 25. Ka3 Rb8 26. Ka4
Rb2 27. Kxa5 Rxc2 28. Rb1 f6 29. Nd4 Rc5+ 30. Ka6 Bc8+ 31. Ka7 Rc4 32. Nf5 Bxf5
33. Rb8+ Kf7 34. Bg3 Ra4+ 35. Kb7 c5 36. Bxd6 c4 37. Bf4 Rb4+ 38. Kc7 Rxb8 39.
Kxb8 g5 40. Be3 Ke6 41. Kc7 h5 42. Kc6 c3 43. Kc5 Ke5 44. Bd4+ Ke6 45. Bxc3 Be4
46. g3 f5 47. Kd4 g4 48. Ke3 1/2-1/2

[Event "Mechanics' Spring TNM; G/2"]
[Site "San Francisco"]
[Date "2017.04.25"]
[Round "7.48"]
[White "Bayaraa, Timothy"]
[Black "Otterbach, Renate"]
[Result "1-0"]
[WhiteElo "621"]
[BlackElo "1034"]
[PlyCount "49"]
[EventDate "2017.??.??"]

1. e4 e6 2. d4 d5 3. Nc3 c5 4. Be3 Nf6 5. e5 Nfd7 6. Bb5 Qb6 7. Nf3 a6 8. Ba4
Qa5 9. a3 b5 10. Bb3 Nc6 11. dxc5 Qc7 12. Nd4 Nxc5 13. Nxc6 Qxc6 14. Qd2 Nd7
15. Nxd5 exd5 16. Bxd5 Qg6 17. Bxa8 Bc5 18. O-O-O Bxe3 19. fxe3 O-O 20. Bb7
Nxe5 21. Qd8 Bxb7 22. Qe7 Nc6 23. Qxb7 Qg5 24. Qxc6 Qxe3+ 25. Kb1 1-0

[Event "Mechanics' Peter Grey TNM; G/2 d5"]
[Site "San Francisco"]
[Date "2017.08.15"]
[Round "2.43"]
[White "Bayaraa, Timothy"]
[Black "Robertson, Terrance"]
[Result "1-0"]
[WhiteElo "782"]
[BlackElo "1433"]
[PlyCount "57"]
[EventDate "2017.??.??"]

1. e4 e5 2. Nf3 Nf6 3. Nc3 Nc6 4. d4 exd4 5. Nxd4 Bc5 6. Nf5 O-O 7. Bg5 d6 8.
Nd5 Ne5 9. f4 Ng6 10. Qf3 c6 11. Nxf6+ gxf6 12. Bh6 Re8 13. O-O-O d5 14. h4
Rxe4 15. Bd3 Bxf5 16. Bxe4 Bxe4 17. Qg3 f5 18. h5 Qf6 19. Bg5 Qg7 20. hxg6 fxg6
21. Qh3 h5 22. Qh4 Bxg2 23. Bf6 Be3+ 24. Kb1 Qh6 25. Bg5 Qf8 26. Rhe1 Re8 27.
Rd3 Qc5 28. Qg3 d4 29. Qxg2 1-0

[Event "Mechanics' Summer TNM; G/2 d5"]
[Site "San Francisco"]
[Date "2017.06.20"]
[Round "5.48"]
[White "Bayaraa, Timothy"]
[Black "Whitehead, Paul"]
[Result "0-1"]
[WhiteElo "687"]
[BlackElo "2352"]
[PlyCount "94"]
[EventDate "2017.??.??"]

1. e4 c5 2. Nf3 e6 3. Nc3 Nc6 4. d4 cxd4 5. Nxd4 a6 6. Be3 Nf6 7. Nxc6 bxc6 8.
e5 Nd5 9. Nxd5 cxd5 10. c4 dxc4 11. Bxc4 Qa5+ 12. Bd2 Qxe5+ 13. Qe2 Qxe2+ 14.
Bxe2 Bb7 15. O-O Be7 16. Rac1 Bc6 17. Bc3 O-O 18. f4 g6 19. Bf3 Rfc8 20. Bxc6
Rxc6 21. Rfe1 Rac8 22. g4 Rc4 23. Bd2 Bf6 24. Rxc4 Rxc4 25. b3 Rc2 26. Bb4 Bd4+
27. Kh1 Rxa2 28. Rc1 Ra1 29. Rxa1 Bxa1 30. Kg2 f5 31. g5 Bd4 32. h4 Kf7 33. Bd6
Ke8 34. Kg3 Kd8 35. h5 Kc8 36. h6 Kb7 37. Kf3 Kc6 38. Be5 Bxe5 39. fxe5 Kd5 40.
Ke3 Kxe5 41. Kd3 d5 42. b4 f4 43. Ke2 Ke4 44. Kf2 f3 45. Ke1 Ke3 46. Kf1 f2 47.
Kg2 Ke2 0-1

[Event "Mechanics' Winter TNM; G/2"]
[Site "San Francisco"]
[Date "2017.01.03"]
[Round "1.34"]
[White "Bayaraa, Timothy"]
[Black "Yamamoto, Craig"]
[Result "0-1"]
[WhiteElo "591"]
[BlackElo "1500"]
[PlyCount "118"]
[EventDate "2017.??.??"]

1. e4 Nf6 2. Nc3 e5 3. Bc4 d6 4. Nf3 Be6 5. Bxe6 fxe6 6. d4 exd4 7. Nxd4 Qd7 8.
O-O Nc6 9. Nxc6 bxc6 10. Bg5 Be7 11. Qf3 O-O 12. Rad1 Qe8 13. Qg3 Bd8 14. Bh6
Qg6 15. e5 Qxh6 16. exf6 Qxf6 17. Ne4 Qxb2 18. Rd2 Qxa2 19. c4 Qxc4 20. Re1 e5
21. Ng5 Bf6 22. Rd3 Bxg5 23. Rc3 Qxc3 24. Qxc3 c5 25. Qc4+ Kh8 26. h4 Bd8 27.
h5 Rb8 28. Qa2 Ra8 29. Rb1 Be7 30. Qd5 Rab8 31. Rxb8 Rxb8 32. Qc6 Rd8 33. Qxc7
Bf6 34. Qxa7 h6 35. g4 Bg5 36. Qc7 Kg8 37. Kf1 Kf8 38. Ke2 Be7 39. Kd3 Kf7 40.
Ke4 Ke6 41. Qb7 Kf6 42. Qd5 Rb8 43. f4 Rb4+ 44. Kf3 Rxf4+ 45. Kg3 Rd4 46. Qf3+
Rf4 47. Qd5 c4 48. Qc6 Ke6 49. Qc8+ Kd5 50. Qg8+ Kd4 51. Qxg7 Bg5 52. Qa7+ Kd3
53. Qh7+ Kd2 54. Qb1 c3 55. Qa2+ c2 56. Qd5+ Rd4 57. Qa5+ Kd1 58. Kf2 Rf4+ 59.
Kg2 c1=Q 0-1

[Event "Mechanics' Peter Grey TNM; G/2 d5"]
[Site "San Francisco"]
[Date "2017.09.05"]
[Round "5.42"]
[White "Beatty, Joel"]
[Black "Bayaraa, Timothy"]
[Result "1-0"]
[WhiteElo "1247"]
[BlackElo "782"]
[Annotator "Donaldson"]
[PlyCount "55"]
[EventDate "2017.??.??"]

1. e4 e5 2. Nf3 Nc6 3. Bb5 a6 4. Ba4 b5 (4... Nf6 5. O-O b5 6. Bb3 Bc5) 5. Bb3
Bc5 $6 (5... Na5) 6. c3 Nf6 7. d3 (7. d4 $1) 7... Ng4 $2 8. O-O (8. d4) 8...
O-O 9. d4 $1 exd4 10. cxd4 Ba7 11. Bg5 Qe8 12. h3 h6 13. Nc3 $2 (13. Bh4) 13...
hxg5 14. hxg4 d6 15. Nxg5 Nxd4 16. Nd5 Qd8 $2 (16... c6 $1 17. Nc7 Qd8 18. Nxa8
Qxg5 {with a winning position.}) 17. Nh3 c6 18. Ndf4 a5 19. Rc1 Bb7 20. g5 c5
21. g6 Qf6 $4 (21... Nxb3 22. Qxb3 Qf6 $11) 22. Qh5 Rfd8 23. gxf7+ Kf8 24. Ng6+
Qxg6 25. Qxg6 Rd7 26. Ng5 c4 27. Bd1 Re7 28. Nh7# 1-0

[Event "Mechanics' Peter Grey TNM; G/2 d5"]
[Site "San Francisco"]
[Date "2017.09.19"]
[Round "7.23"]
[White "Bennett, Tavis Lee"]
[Black "Campers Jr, Willie"]
[Result "0-1"]
[WhiteElo "1460"]
[BlackElo "1651"]
[PlyCount "44"]
[EventDate "2017.??.??"]

1. e4 e6 2. d4 d5 3. exd5 exd5 4. Nf3 Nf6 5. Nc3 c6 6. Bf4 Bb4 7. Qe2+ Ne4 8.
O-O-O Bxc3 9. bxc3 O-O 10. Rd3 Qa5 11. Bd2 Qxa2 12. Kd1 Re8 13. Bc1 Nxc3+ 14.
Rxc3 Rxe2 15. Bxe2 Bf5 16. Ne5 f6 17. Nd3 Na6 18. Ra3 Qc4 19. Bb2 Re8 20. Rb3
Rxe2 21. Kxe2 Qxc2+ 22. Ke3 Qxb3 0-1